Problemas actuales de la cultura superior. (Record no. 122595)

MARC details
000 -LEADER
campo de control de longitud fija 01212nam a2200277 4500
001 - NÚMERO DE CONTROL
campo de control 122595
003 - IDENTIFICADOR DE NÚMERO DE CONTROL
campo de control ES-MaACL
005 - FECHA Y HORA DE LA ÚLTIMA TRANSACCIÓN
campo de control 20231212062554.0
007 - CAMPO FIJO DE DESCRIPCIÓN FÍSICA--INFORMACIÓN GENERAL
campo de control de longitud fija t|
008 - DATOS DE LONGITUD FIJA--INFORMACIÓN GENERAL
campo de control de longitud fija 070214s1969 sp r ||||1| spa d
245 00 - MENCIÓN DEL TÍTULO
Título Problemas actuales de la cultura superior.
260 ## - PUBLICACIÓN, DISTRIBUCIÓN, ETC.
Lugar de publicación, distribución, etc. Valladolid :
Nombre del editor, distribuidor, etc. Universidad,
Fecha de publicación, distribución, etc. 1969.
300 ## - DESCRIPCIÓN FÍSICA
Extensión 144 p. ;
Dimensiones 21 cm.
505 8# - NOTA DE CONTENIDO CON FORMATO
Nota de contenido con formato Contiene: El saber histórico y el presente / Luis Díez del Corral . El saber científico y la Historia / Pedro Laín Entralgo . Fe y ciencia después del Concilio Vaticano / Alberto Dou Maxdexexás, S. J. . Las tendencias actuales del saber y el horizonte de la Filosofía / Julián Marías
700 1# - ENTRADA AGREGADA--NOMBRE PERSONAL
Nombre de persona Díez del Corral, Luis.
9 (RLIN) 44718
700 1# - ENTRADA AGREGADA--NOMBRE PERSONAL
Nombre de persona Laín Entralgo, Pedro,
Fechas asociadas al nombre 1908-2001
9 (RLIN) 69681
700 1# - ENTRADA AGREGADA--NOMBRE PERSONAL
Nombre de persona Dou, Alberto.
9 (RLIN) 45470
700 1# - ENTRADA AGREGADA--NOMBRE PERSONAL
Nombre de persona Marías, Julián,
Fechas asociadas al nombre 1914-2005
9 (RLIN) 76688
710 2# - ENTRADA AGREGADA--NOMBRE DE ENTIDAD CORPORATIVA
Nombre de entidad corporativa o nombre de jurisdicción como elemento de entrada Universidad de Valladolid.
9 (RLIN) 7332
740 0# - ENTRADA AGREGADA--TÍTULO RELACIONADO/ANALÍTICO NO CONTROLADO
Título relacionado o analítico no controlado El saber histórico y el presente.
740 0# - ENTRADA AGREGADA--TÍTULO RELACIONADO/ANALÍTICO NO CONTROLADO
Título relacionado o analítico no controlado El saber científico y la Historia.
740 0# - ENTRADA AGREGADA--TÍTULO RELACIONADO/ANALÍTICO NO CONTROLADO
Título relacionado o analítico no controlado Fe y ciencia después del Concilio Vaticano.
740 0# - ENTRADA AGREGADA--TÍTULO RELACIONADO/ANALÍTICO NO CONTROLADO
Título relacionado o analítico no controlado Las tendencias actuales del saber y el horizonte de la Filosofía.
852 ## - LOCALIZACIÓN
Ubicación ES-MaACL
Número de control de estantería C-36088
Sublocalización o colección R.69355
Holdings
Estatus retirado Estado de pérdida Estado de daño No para préstamo Biblioteca de origen Biblioteca actual Ubicación en estantería Fecha de adquisición Fuente de adquisición Total de préstamos Signatura topográfica completa Código de barras Visto por última vez Precio de reemplazo Tipo de ítem Koha
        Biblioteca del Ateneo de Madrid Biblioteca del Ateneo de Madrid Depósito 2 17/01/2008     C-36088 1127747 23/02/2023 23/02/2023 Libro impreso